[Event "msr2018"]
[Site "?"]
[Date "2018.04.23"]
[Round "4.20"]
[White "Musaev, Matej Elbek"]
[Black "Paluska, Karol"]
[Result "1-0"]
[BlackElo "1377"]
[WhiteElo "1723"]
[LiveChessVersion "1.4.8"]

1. e4 {[%clk 1:30:57]} c6 {[%clk 1:30:55]} 2. d4 {[%clk 1:31:19]} d5
{[%clk 1:31:18]} 3. Nd2 {[%clk 1:31:43]} g6 {[%clk 1:30:53]} 4. c3
{[%clk 1:31:38]} Bg7 {[%clk 1:30:03]} 5. Bd3 {[%clk 1:31:06]} h5 {[%clk 1:27:46]}
6. h3 {[%clk 1:28:43]} Nh6 {[%clk 1:25:46]} 7. Ngf3 {[%clk 1:26:46]} dxe4
{[%clk 1:22:41]} 8. Nxe4 {[%clk 1:24:36]} Nf5 {[%clk 1:18:15]} 9. Bf4
{[%clk 1:23:08]} Nd7 {[%clk 1:08:14]} 10. Qe2 {[%clk 1:18:49]} Qa5
{[%clk 0:58:39]} 11. Nd6+ {[%clk 1:15:51]} Nxd6 {[%clk 0:58:56]} 12. Bxd6
{[%clk 1:16:10]} Bf6 {[%clk 0:37:41]} 13. Bb4 {[%clk 1:08:45]} Qc7
{[%clk 0:36:33]} 14. Qc2 {[%clk 0:56:08]} Nf8 {[%clk 0:32:14]} 15. Rd1
{[%clk 0:50:05]} Be6 {[%clk 0:28:35]} 16. c4 {[%clk 0:48:04]} O-O-O
{[%clk 0:20:11]} 17. Bc3 {[%clk 0:47:49]} Nh7 {[%clk 0:16:26]} 18. Qd2
{[%clk 0:45:05]} c5 {[%clk 0:12:06]} 19. d5 {[%clk 0:44:52]} Bxc3
{[%clk 0:12:18]} 20. Qxc3 {[%clk 0:44:40]} Bd7 {[%clk 0:12:15]} 21. Be2
{[%clk 0:43:00]} Nf6 {[%clk 0:12:04]} 22. Ng5 {[%clk 0:42:33]} Rhf8
{[%clk 0:10:57]} 23. Qe3 {[%clk 0:42:26]} Qa5+ {[%clk 0:08:44]} 24. Kf1
{[%clk 0:41:51]} Rde8 {[%clk 0:08:53]} 25. a3 {[%clk 0:40:42]} Ba4
{[%clk 0:07:38]} 26. Ra1 {[%clk 0:39:51]} Qb6 {[%clk 0:07:11]} 27. Qc3
{[%clk 0:39:45]} Bd7 {[%clk 0:05:37]} 28. b4 {[%clk 0:40:00]} Bf5
{[%clk 0:04:57]} 29. Bf3 {[%clk 0:39:28]} Rd8 {[%clk 0:03:29]} 30. Ra2
{[%clk 0:39:04]} Qa6 {[%clk 0:02:14]} 31. Kg1 {[%clk 0:38:55]} Qd6
{[%clk 0:01:46]} 32. Rb2 {[%clk 0:38:46]} Qf4 {[%clk 0:01:37]} 33. h4
{[%clk 0:38:34]} Bg4 {[%clk 0:01:29]} 34. Bxg4+ {[%clk 0:37:57]} Nxg4
{[%clk 0:01:54]} 35. bxc5 {[%clk 0:38:16]} e5 {[%clk 0:01:29]} 36. g3
{[%clk 0:36:30]} Qf5 {[%clk 0:01:18]} 37. Qb3 {[%clk 0:36:51]} Rd7
{[%clk 0:00:43]} 38. c6 1-0

[Event "msr2018"]
[Site "?"]
[Date "2018.04.23"]
[Round "4.22"]
[White "Lovcican, Tomas"]
[Black "Havalda, Samuel"]
[Result "1-0"]
[BlackElo "1406"]
[WhiteElo "1660"]
[LiveChessVersion "1.4.8"]

1. c4 {[%clk 1:30:58]} e5 {[%clk 1:30:55]} 2. Nc3 {[%clk 1:31:22]} Nf6
{[%clk 1:31:20]} 3. e3 {[%clk 1:30:39]} Bb4 {[%clk 1:31:39]} 4. Nf3
{[%clk 1:30:39]} Nc6 {[%clk 1:31:45]} 5. d4 {[%clk 1:29:45]} exd4
{[%clk 1:31:16]} 6. exd4 {[%clk 1:29:58]} O-O {[%clk 1:31:10]} 7. Bg5
{[%clk 1:27:45]} Re8+ {[%clk 1:30:51]} 8. Be2 {[%clk 1:28:03]} h6
{[%clk 1:29:34]} 9. Bh4 {[%clk 1:27:13]} Qe7 {[%clk 1:28:29]} 10. Bxf6
{[%clk 1:27:19]} Qxf6 {[%clk 1:28:08]} 11. O-O {[%clk 1:27:32]} d6
{[%clk 1:26:58]} 12. Nd5 {[%clk 1:26:13]} Qd8 {[%clk 1:26:10]} 13. a3
{[%clk 1:26:17]} Ba5 {[%clk 1:24:48]} 14. b4 {[%clk 1:26:40]} Bb6
{[%clk 1:24:46]} 15. c5 {[%clk 1:27:03]} dxc5 {[%clk 1:24:47]} 16. dxc5
{[%clk 1:27:26]} Bxc5 {[%clk 1:20:06]} 17. bxc5 {[%clk 1:27:38]} Rxe2
{[%clk 1:19:14]} 18. Qxe2 {[%clk 1:24:55]} Qxd5 {[%clk 1:19:36]} 19. Qe8+
{[%clk 1:24:42]} Kh7 {[%clk 1:19:47]} 20. Rfe1 {[%clk 1:24:29]} f6
{[%clk 1:15:09]} 21. Nh4 {[%clk 1:22:38]} Qg5 {[%clk 1:14:08]} 22. Qe4+
{[%clk 1:15:05]} Kg8 {[%clk 1:13:20]} 23. Qc4+ {[%clk 1:12:29]} Kf8
{[%clk 1:07:11]} 24. Rad1 {[%clk 1:05:51]} Bg4 {[%clk 0:59:10]} 25. Rd5
{[%clk 0:59:49]} Ne5 {[%clk 0:57:55]} 26. Qb4 {[%clk 0:57:29]} c6
{[%clk 0:45:14]} 27. g3 {[%clk 0:43:43]} cxd5 {[%clk 0:35:53]} 28. f4
{[%clk 0:43:41]} Qh5 {[%clk 0:34:36]} 29. fxe5 {[%clk 0:44:00]} fxe5
{[%clk 0:34:00]} 30. Rxe5 {[%clk 0:44:14]} Qf7 {[%clk 0:32:53]} 31. Qxg4
{[%clk 0:44:34]} Kg8 {[%clk 0:32:32]} 32. Qe6 {[%clk 0:44:10]} Qxe6
{[%clk 0:32:14]} 33. Rxe6 {[%clk 0:44:33]} Rc8 {[%clk 0:31:35]} 34. Re7
{[%clk 0:44:09]} b6 {[%clk 0:31:14]} 35. cxb6 {[%clk 0:43:59]} axb6
{[%clk 0:31:38]} 36. Nf5 {[%clk 0:44:00]} Rc1+ {[%clk 0:29:37]} 37. Kg2
{[%clk 0:44:12]} Rc2+ {[%clk 0:29:43]} 38. Kh3 {[%clk 0:44:36]} Rf2
{[%clk 0:29:01]} 39. Nd4 {[%clk 0:42:09]} Rd2 {[%clk 0:28:51]} 40. Ne6
{[%clk 0:42:19]} Re2 {[%clk 0:27:47]} 41. Rxg7+ {[%clk 0:42:33]} Kh8
{[%clk 0:28:09]} 42. Rg6 {[%clk 0:42:57]} Kh7 {[%clk 0:28:13]} 43. Rf6
{[%clk 0:43:22]} Re3 {[%clk 0:27:33]} 44. a4 {[%clk 0:43:20]} Re4
{[%clk 0:27:54]} 45. Nf4 {[%clk 0:43:25]} Rxa4 {[%clk 0:27:24]} 46. Nxd5
{[%clk 0:43:50]} b5 {[%clk 0:27:41]} 47. Rb6 {[%clk 0:44:02]} Ra5
{[%clk 0:27:22]} 48. Nc7 {[%clk 0:44:09]} Ra7 {[%clk 0:27:16]} 49. Nxb5
{[%clk 0:44:32]} Rg7 {[%clk 0:27:39]} 50. Rc6 {[%clk 0:44:44]} Rg5
{[%clk 0:27:55]} 51. Nd4 {[%clk 0:44:18]} Rd5 {[%clk 0:27:53]} 52. Nf3
{[%clk 0:44:31]} Rf5 {[%clk 0:27:36]} 53. Nh4 {[%clk 0:44:25]} Rf7
{[%clk 0:27:44]} 54. g4 {[%clk 0:44:20]} Ra7 {[%clk 0:27:50]} 55. Nf5
{[%clk 0:44:32]} Ra3+ {[%clk 0:28:04]} 56. Kh4 {[%clk 0:44:55]} h5
{[%clk 0:28:02]} 57. Rh6+ {[%clk 0:45:10]} Kg8 {[%clk 0:28:23]} 58. Rxh5
{[%clk 0:45:33]} Ra2 {[%clk 0:28:39]} 59. h3 {[%clk 0:45:53]} Ra6
{[%clk 0:28:28]} 60. Kg5 {[%clk 0:45:40]} Rb6 {[%clk 0:28:01]} 61. h4
{[%clk 0:45:28]} Ra6 {[%clk 0:27:37]} 62. Rh6 {[%clk 0:45:23]} Ra4
{[%clk 0:27:41]} 63. Rf6 {[%clk 0:45:23]} Kh7 {[%clk 0:27:52]} 64. Rf7+
{[%clk 0:45:12]} Kg8 {[%clk 0:27:25]} 65. Nh6+ {[%clk 0:45:19]} Kh8
{[%clk 0:27:46]} 66. Kg6 {[%clk 0:44:58]} Ra6+ {[%clk 0:28:04]} 67. Rf6
{[%clk 0:45:18]} Ra7 {[%clk 0:28:23]} 68. Rf8# 1-0

[Event "msr2018"]
[Site "?"]
[Date "2018.04.23"]
[Round "4.23"]
[White "Sustek, Adam"]
[Black "Simon, Leonard"]
[Result "1-0"]
[BlackElo "1373"]
[WhiteElo "1590"]
[LiveChessVersion "1.4.8"]

1. e4 {[%clk 1:30:57]} e5 {[%clk 1:30:43]} 2. Nf3 {[%clk 1:31:17]} Nf6
{[%clk 1:30:51]} 3. Nxe5 {[%clk 1:30:08]} d6 {[%clk 1:30:58]} 4. Nf3
{[%clk 1:23:55]} Nxe4 {[%clk 1:30:47]} 5. d4 {[%clk 1:23:42]} Bg4
{[%clk 1:24:49]} 6. Bd3 {[%clk 1:21:13]} d5 {[%clk 1:23:17]} 7. O-O
{[%clk 1:19:28]} Be7 {[%clk 1:21:23]} 8. Re1 {[%clk 1:18:08]} Nf6
{[%clk 1:20:26]} 9. Bf4 {[%clk 1:14:30]} Nc6 {[%clk 1:20:21]} 10. c3
{[%clk 1:12:02]} O-O {[%clk 1:19:24]} 11. h3 {[%clk 1:09:50]} Bh5
{[%clk 1:19:24]} 12. Nbd2 {[%clk 1:09:45]} Qd7 {[%clk 1:13:21]} 13. Qc2
{[%clk 1:07:49]} h6 {[%clk 1:13:03]} 14. Re3 {[%clk 1:04:41]} Rac8
{[%clk 1:09:04]} 15. Bf5 {[%clk 1:03:32]} Qd8 {[%clk 1:06:59]} 16. Bxc8
{[%clk 1:03:41]} Qxc8 {[%clk 1:07:17]} 17. Rae1 {[%clk 1:02:50]} Bg6
{[%clk 1:06:24]} 18. Qb3 {[%clk 0:59:48]} Re8 {[%clk 1:05:58]} 19. Ne5
{[%clk 0:55:57]} Nxe5 {[%clk 0:54:04]} 20. Bxe5 {[%clk 0:56:10]} Ne4
{[%clk 0:53:55]} 21. Nxe4 {[%clk 0:55:56]} Bxe4 {[%clk 0:54:08]} 22. f3
{[%clk 0:56:05]} Bf5 {[%clk 0:54:15]} 23. Qxd5 {[%clk 0:54:32]} Bg5
{[%clk 0:53:37]} 24. Bf4 {[%clk 0:49:10]} Be6 {[%clk 0:53:05]} 25. Bxg5
{[%clk 0:49:08]} hxg5 26. Qxg5 {[%clk 0:49:18]} Rd8 {[%clk 0:52:06]} 27. Qa5
{[%clk 0:48:12]} a6 {[%clk 0:52:17]} 28. f4 {[%clk 0:45:45]} b5 {[%clk 0:51:03]}
29. Qb4 {[%clk 0:44:59]} c6 {[%clk 0:51:05]} 30. Rg3 {[%clk 0:38:27]} Qc7
{[%clk 0:50:21]} 31. Re5 {[%clk 0:28:23]} Bxa2 {[%clk 0:49:21]} 32. Qe7
{[%clk 0:23:23]} Qxe7 {[%clk 0:47:42]} 33. Rxe7 {[%clk 0:23:41]} b4
{[%clk 0:47:30]} 34. Rge3 {[%clk 0:18:46]} Be6 {[%clk 0:46:40]} 35. Ra7
{[%clk 0:18:16]} Bc4 {[%clk 0:45:52]} 36. Ree7 {[%clk 0:17:18]} Rd6
{[%clk 0:44:45]} 37. Kf2 {[%clk 0:14:38]} Rd5 {[%clk 0:44:04]} 38. Re5
{[%clk 0:14:25]} bxc3 {[%clk 0:43:30]} 39. bxc3 {[%clk 0:14:33]} Rd6
{[%clk 0:43:20]} 40. Rc5 {[%clk 0:12:39]} Bb5 {[%clk 0:43:22]} 41. c4
{[%clk 0:12:17]} Ba4 {[%clk 0:43:23]} 42. Rxa6 {[%clk 0:12:41]} Bb3
{[%clk 0:43:32]} 43. d5 {[%clk 0:11:58]} Rf6 {[%clk 0:43:30]} 44. Raxc6
{[%clk 0:12:05]} Rxf4+ {[%clk 0:43:32]} 45. Ke3 {[%clk 0:12:34]} Rf1
{[%clk 0:43:28]} 46. d6 {[%clk 0:12:39]} Rd1 {[%clk 0:43:42]} 47. Rd5
{[%clk 0:12:48]} Re1+ {[%clk 0:43:58]} 48. Kf2 {[%clk 0:13:06]} Re8
{[%clk 0:44:00]} 49. d7 {[%clk 0:13:18]} Rd8 {[%clk 0:44:26]} 50. Rc8
{[%clk 0:13:39]} 1-0

[Event "msr2018"]
[Site "?"]
[Date "2018.04.23"]
[Round "4.24"]
[White "Kubik, Richard"]
[Black "Rakovsky, Jakub"]
[Result "0-1"]
[BlackElo "1254"]
[WhiteElo "1445"]
[LiveChessVersion "1.4.8"]

1. d4 {[%clk 1:30:57]} d5 {[%clk 1:30:39]} 2. c4 {[%clk 1:30:35]} c6
{[%clk 1:30:10]} 3. Nc3 {[%clk 1:30:14]} Nf6 {[%clk 1:29:42]} 4. Nf3
{[%clk 1:28:32]} g6 {[%clk 1:28:38]} 5. Bf4 {[%clk 1:26:13]} Bg7 {[%clk 1:27:47]}
6. e3 {[%clk 1:25:49]} O-O {[%clk 1:27:13]} 7. Be2 {[%clk 1:25:47]} Nbd7
{[%clk 1:25:20]} 8. cxd5 {[%clk 1:24:57]} cxd5 {[%clk 1:24:22]} 9. O-O
{[%clk 1:23:50]} Nb6 {[%clk 1:22:59]} 10. Rc1 {[%clk 1:23:13]} Bf5
{[%clk 1:22:39]} 11. Bd3 {[%clk 1:21:04]} Bxd3 {[%clk 1:21:04]} 12. Qxd3
{[%clk 1:21:26]} Rc8 {[%clk 1:20:53]} 13. Ne5 {[%clk 1:12:48]} Nc4
{[%clk 1:17:53]} 14. Nxd5 {[%clk 1:02:24]} Nxb2 {[%clk 1:04:48]} 15. Nxf6+
{[%clk 1:02:17]} exf6 {[%clk 1:04:19]} 16. Nxf7 {[%clk 0:54:13]} Nxd3
{[%clk 1:01:26]} 17. Nxd8 {[%clk 0:54:31]} Rxc1 {[%clk 1:01:37]} 18. Ne6
{[%clk 0:53:49]} Rxf1+ {[%clk 1:01:49]} 19. Kxf1 {[%clk 0:54:10]} Rc8
{[%clk 1:01:26]} 20. Bg3 {[%clk 0:52:26]} Nc1 {[%clk 1:00:40]} 21. a4
{[%clk 0:52:23]} Na2 {[%clk 1:00:57]} 22. d5 {[%clk 0:52:42]} Kf7
{[%clk 1:00:58]} 23. Nc7 {[%clk 0:52:28]} Nc3 {[%clk 1:00:20]} 24. d6
{[%clk 0:52:43]} Nxa4 {[%clk 1:00:23]} 25. Ke2 {[%clk 0:52:33]} Bf8
{[%clk 1:00:33]} 26. Kd3 {[%clk 0:52:50]} Rd8 {[%clk 1:00:21]} 27. Nb5
{[%clk 0:50:56]} a6 {[%clk 1:00:34]} 0-1